000 00506nam a2200181Ia 4500
003 GCL
008 140319s9999 xx 000 0 eng d
040 _aGCL /
_cGCL
082 0 4 _a658.812
_bL W
100 1 _aLYTLE, JOHN F.
245 1 0 _aWHAT DO YOUR CUSTOMERS REALLY WANT ? HERE'S A SURE - FIRE WAY TO FIND OUT /
_cLYTLE, JOHN F.
260 _a[S.N] :
_bPRUETT PUBLISHING COMPANG ،
_c1993
300 _a238 P
650 0 4 _aMANAGEMENT
650 0 4 _aBUSINESS
650 0 4 _aSTRATEGY
942 _2ddc
_cBK
999 _c21290
_d21290